Movie Character by Younger Self Quiz Stats

 Plays Quiz Updated Sep 9, 2015

Support Sporcle.
Go Orange.
Score 0/16 Timer 06:00
5 Plays Today
% Correct
Simba (The Lion King)
98.1%
Forrest Gump (Forrest Gump)
88.8%
Benjamin Button (The Curious Case of Benjamin Button)
86.7%
Elsa (Frozen)
85.1%
Nemo (Finding Nemo)
85%
Anakin Skywalker (Star Wars Episode I: The Phantom Menace)
85%
Lord Voldemort (Harry Potter and the Half-Blood Prince)
67%
Superman (Man of Steel)
61.8%
% Correct
Mystique (X-Men: First Class)
58.2%
Elizabeth Swann (Pirates of the Caribbean: The Curse of the Black Pearl)
47.4%
Carl Fredricksen (Up)
47.3%
John Connor (Terminator 2: Judgement Day)
47.2%
Vito Corleone (The Godfather Part II)
40.7%
Starlord (Guardians of the Galaxy)
36.6%
George Bailey (It's a Wonderful Life)
26.5%
Murphy Cooper (Interstellar)
11%

From the Vault

Pick the Bands by Setlist

by AmazingPenguin

Music 3m
Sometimes you just have to play the hits.
Remove Ads.
Support Sporcle.
Get the best of Sporcle when you Go Orange. This ad-free experience offers more features, more stats, and more fun while also helping to support Sporcle. Thank you for becoming a member.

Show Comments

Extras

Top Quizzes Today


Score Distribution

Your Account Isn't Verified!

In order to create a playlist on Sporcle, you need to verify the email address you used during registration. Go to your Sporcle Settings to finish the process.

Report this User

Report this user for behavior that violates our Community Guidelines.

Details: